[Event "FRA-ch Juniors op"]
[Site "Aix les Bains"]
[Date "2009.04.19"]
[Round "1"]
[White "Granata, Adam"]
[Black "Allard, Julien"]
[Result "0-1"]
[WhiteElo "1440"]
[BlackElo "1850"]
[PlyCount "68"]
[EventDate "2009.04.19"]
[EventType "swiss"]
[EventRounds "9"]
[EventCountry "FRA"]
[SourceTitle "CBM 130 Extra"]
[Source "ChessBase"]
[SourceDate "2009.07.02"]
[SourceVersion "2"]
[SourceVersionDate "2009.07.15"]
[SourceQuality "1"]

1. e4 c6 2. d4 d5 3. e5 c5 4. Nf3 Bg4 5. c3 Nc6 6. Be2 Qb6 7. h3 Bxf3 8. Bxf3 e6 9. dxc5 Bxc5 10. Qe2 Nge7 11. b4 Nxb4 12. cxb4 Bd4 13. Bb2 Qxb4+ 14. Nd2 Qxb2 15. Rb1 Qxa2 16. Qb5+ Kf8 17. Qxb7 Rc8 18. Qd7 Bb6 19. Be2 Rd8 20. Rxb6 Qa1+ 21. Rb1 Qxb1+ 22. Nxb1 Rxd7 23. 0-0 Ng6 24. Rc1 Ke7 25. Bb5 Rb7 26. Ba6 Rbb8 27. Na3 Nxe5 28. Rc7+ Nd7 29. Rxa7 Ra8 30. Nb5 Rxa7 31. Nxa7 Ra8 32. Nc6+ Kd6 33. Bb7 Ra1+ 34. Kh2 Nc5 0-1